000 00859nac a22002417a 4500
001 BR8305431
003 BR-BrBNA
005 20240105115855.0
008 230509b bl.|||m| |||| 00| 0 por d
040 _aBR-BrBNA
_bpor
_cBiblioteca Nacional de Agricultura
072 _aE70
090 _aE70 BR8305431
100 1 _aNeves, R.B.
110 1 _aFundacao Universidade de Brasilia, DF (Brasil). Depto. de Economia
_95043
245 1 _aParticipacao do capital estrangeiro na exportacao de manufaturas: algumas consideracoes gerais [Brasil]
260 3 _aBrasilia, DF (Brasil):
_c1983.
300 _a44 p.
490 _aTexto para Discussao - Fundacao Universidade de Brasilia. Depto. de Economia (Brazil)
_vno. 105
_x
500 _a12 tables; 21 ref.
650 _aEXPORTACAO
909 _a202312
_bLúcia Elande
_c55
_dLúcia Elande
942 _2AGRIS
_n0
_cMS
999 _c276834
_d276834